Responses for show #5316 - Monday, October 22, 2007

Nick Swezey game 1.

Contestants

Nick Swezey, a publisher from Washington, D.C.

Lee Ann Farmer, an executive assistant from Redondo Beach, California

Shad Small, an office assistant from Lafayette, California (whose 3-day cash winnings total $59,101)

Jeopardy! Round responses

CLASSIC NOVEL SPOILERS
(Alex: You have to identify the book for us.)
CONTROVERSIAL TV
THE HISTORY OF CANDY
UNOFFICIAL STATE NICKNAMES
FAMOUS HUMANITARIANS
"PRO" NOUNS
    $200 11
Of Mice and Men

Lee Ann
    $200 6
Elvis

Nick
    $200 21
3 Musketeers

Shad
    $200 16
Alaska

Lee Ann
    $200 26
Florence Nightingale

Nick
    $200 1
protein

Lee Ann
    $400 12
Frankenstein

Lee Ann
    $400 7
Dan Quayle

Nick
    $400 22
Mounds

Lee Ann
    $400 17
Virginia

Shad
    $400 27
Gandhi

Shad
    $400 2
a prologue

Shad
    $600 13
Wuthering Heights

Shad
    $600 8
South Park

Nick
    $600 23
(Nick: Uh, what is Lever Brothers?)
(Shad: What is Vicks?)
(Lee Ann: What is Halls?)

Luden's

ShadLee AnnNick
Triple Stumper
    $600 18
Colorado

Nick
    $600 28
Father Flanagan

Nick
    $600 3
prosciutto

Lee Ann
    $800 14
Crime and Punishment

Nick
    $800 9
Janet Jackson

Shad
    $800 24
Cadbury

Lee Ann
    $800 19
Maryland

Shad
    $800 29
(Andrew) Carnegie

Nick
    $800 4
Prozac

Shad
    $1000 15
Lady Chatterley's Lover

Lee Ann
    $1000 10
Star Trek

Shad
    $1000 25
Peppermint Patties

Lee Ann
    $1000 20
Pennsylvania

Lee Ann
    $2,800 30
(Albert) Schweitzer

Nick
    $1000 5
a projectile

Shad

Scores at the first commercial break (after clue 15):

Shad Lee Ann Nick
$4,600 $2,400 $2,000

Scores at the end of the Jeopardy! Round:

Shad Lee Ann Nick
$5,800 $5,200 $6,400

Double Jeopardy! Round responses

THE WEATHER CHANNEL
POP CULTURE
R&B (ROYALTY & BALLET)
YOU'VE GOT COMPANY
STEIN TIME
REARRANGE 'EM
(Alex: You're going to deal with anagrams in that category.)
    $400 11
a typhoon

Shad
    $400 1
Don Rickles

Nick
    $400 6
Diana

Nick
    $400 16
Campbell's

Lee Ann
    $400 21
Einstein

Nick
    $400 26
Monday (from dynamo)

Lee Ann
    $800 12
infrared

Shad
    $800 2
Kenny G

Nick
    $800 7
Caroline (of Monaco)

Nick
    $800 17
Georgia

Nick
    $800 22
Potemkin

Shad
    $800 27
heart (from Earth)

Triple Stumper
    $2,000 13
Doppler

Shad
    $1200 3
(Alex: Hard to believe, but it's correct.)

Dr. Ruth

Lee Ann
    $1200 8
Catherine

Lee Ann
    $1200 18
pens

Lee Ann
    $1200 23
Leonard Bernstein

Nick
    $1200 28
Socrates (from coasters)

Lee Ann
    $1600 14
Mt. Hood

Nick
    $1600 4
The Hunt for Red October

Lee Ann
    $1600 9
Prince Andrew

Lee Ann
    $1600 19
GM (General Motors)

Nick
    $2,000 24
Roy Lichtenstein

Nick
    $1600 29
Tosca (from ascot)

Shad
    $2000 15
(Shad: What is a cold front?)

a stationary front

ShadNick
    $2000 5
Martha Stewart

Lee Ann
    $2000 10
Queen Beatrix

Triple Stumper
    $2000 20
CREF (College Retirement Equities Fund)

Shad
    $2000 25
the Thirty Years War

Shad
    $2000 30
Shetland (from Stendhal)

Triple Stumper

Scores at the end of the Double Jeopardy! Round:

Shad Lee Ann Nick
$13,400 $16,000 $18,400

[wagering suggestions for these scores]

Final Jeopardy! Round responses

QUOTATIONS FROM B.C.
ShadWhat the Art of War
$13,400
Lee AnnWhat is The Prince?
$12,000
NickWhat is The Art of War?
$13,601
The Art of War (by Sun Tzu)

Final scores:

Shad Lee Ann Nick
$26,800 $4,000 $32,001
2nd place: $2,000 3rd place: $1,000 New champion: $32,001

Game dynamics:

Coryat scores:

Shad Lee Ann Nick
$12,600 $16,000 $16,200
17 R
(including 1 DD),
2 W
19 R,
1 W
20 R
(including 2 DDs),
1 W

Combined Coryat: $44,800

The J! Archive is created by fans, for fans. The Jeopardy! game show and all elements thereof, including but not limited to copyright and trademark thereto, are the property of Jeopardy Productions, Inc. and are protected under law. This website is not affiliated with, sponsored by, or operated by Jeopardy Productions, Inc. Join the discussion at JBoard.tv.